00747cam a2200205u 450000100060000000300080000600500170001400800410003103500190007204000330009104100080012408200240013210000320015624501560018826000480034430000620039260000330045470000380048770000160052524199BD-RjUL20211209001023.0140312s1934 nyuch 000 0beng d a(BD-RjUL)24265 aDLCcCarPdDLCdBD-RjULbeng aeng00a824.6bBOB V-2 19341 aBoswell, James,d1740-1795.00aBoswell's Life of Johnson :cEd. by Geoge Birkbeck HillnVolume II :pThe Life 1766-1776bTogether With Boswells Journal of a Tour to the Herriders / aNew York :bOxford university press,cc1934 a543p. :bfronts. (ports.) 2 facsim. (1 double.) ,c19 cm.10aJohnson, Samuel,d1709-1784.1 a Hill ,Geoge Birkbeckd1876-1963.1 aPowel, L. F